Geografías del miedo de mujeres trabajadoras sexuales: entre habitares y percepciones = Geographies of the fear of female sex workers: between experiences and perceptions /

Na minha lista:
Detalhes bibliográficos
Autor principal: Rojas Mora, Mariana
Formato: Texto
Tags: Adicionar Tag
Sem tags, seja o primeiro a adicionar uma tag!

MARC

LEADER 00000 a a2200000 04500
001 47933
003
040
100 |a Rojas Mora, Mariana  
245 |a Geografías del miedo de mujeres trabajadoras sexuales: entre habitares y percepciones =   |b Geographies of the fear of female sex workers: between experiences and perceptions /  |c Mariana Rojas Mora  
773 |g número145, (2014), páginas 61-80 : fotos  
999 |c 27284  |d 27284 
773 0 |0 18728  |9 3012  |a Universidad de Costa Rica  |d San José, Costa Rica Editorial UCR 1956-  |o 17142  |t Revista de Ciencias Sociales/  |x 04825276